Only Fools and Horses trivia - Statistics

General Stats
  • This quiz has been taken 477 times
  • The average score is 15 of 25
Answer Stats
Question Answer % Correct
Where in London do the Trotter's live? Peckham
96%
Who moved in with Del and Rodney following that character's death? Uncle Albert
96%
Who originally lived with Del and Rodney? Grandad
95%
What is the name of the local pub? The Nag's Head
94%
What is the name of the tower block that the Trotter's live in? Nelson Mandela House
91%
Who does Del finally settle down and have a son with? Raquel
91%
What is the name of their son? Damien
90%
Who came up with the name for their son? Rodney
90%
Who does Rodney marry? Cassandra
87%
Who was she formerly married to? Roy Slater
77%
What do Del and Rodney auction to finally become millionaires? An old watch
73%
What is the name of Del and Rodney's business? Trotters Independent Traders
69%
Who runs the local café? Sid
66%
In the episode 'To Hull and Back', what are Del, Rodney and Albert caught smuggling into the UK? Diamonds
65%
What is Rodney's amusing middle name? Charlton
63%
What was the final bid for it? £6.2 million
55%
In the episode 'Who's a Pretty Boy?', what animal do Del, Rodney and Grandad think they have accidentally killed while decorating Denzil's flat? Canary
46%
What did Rodney and Cassandra name their baby? Joan
45%
Where did he meet her? Evening School/Adult education class
42%
In the episode 'Diamonds Are for Heather', what song does Del ask the mariachi band to play in the Nag's Head? Old Shep
36%
Who are Rodney's 2 friends called? Mickey and Jevon
33%
Who was Rodney and Cassandra's baby named after? Del and Rodney's mother
15%
Who are Del's 3 friends that he knows from school? Trigger, Denzil and Boycie
11%
How do Del and Rodney lose all of their money? The Central American stock market crashes
2%
Why was Rodney given this middle name? His mother was a fan of Charlton Athletic
1%
No matching quizzes found
Score Distribution
Percent of People with Each Score
Percentile by Number Answered
Your Score History
You have not taken this quiz